familles de composés chimiques - Statistiques

Statistiques générales
  • Ce quiz a été pris 5 fois
  • Le résultat moyen est 5 sur 9
Statistiques - réponses
Par images Réponse % Correct
Cétone
100%
Acide Carboxylique
80%
Alcool
80%
Amide
80%
Alcène
60%
Aldéhyde
60%
Amine
60%
Halogéné
20%
Esther
0%
Aucun quiz correspondant
Distribution des résultats
% des personnes avec chaque résultat
Percentile par nombre de réponses
Votre historique - résultats
Vous n’avez pas pris ce quiz